000 00683cam a22002654a 4500
001 13785251
005 20180126085054.0
008 041117s2005 paua 001 0 eng
010 _a 2004063357
020 _a0781754844
035 _a(DNLM)101234417
040 _aDNLM/DLC
_cDLC
_dDLC
041 _aeng
042 _apcc
060 1 0 _a611
_bT165g 2005
080 _a611
082 0 0 _a611 TAN
_222
100 1 _a6
101 _aANA
245 1 0 _aGrant's dissector.
246 3 0 _aDissector
906 _a7
_bcbc
_corignew
_d1
_eocip
_f20
_gy-gencatlg
942 _2ddc
_cBK
999 _c41028
_d41028